000 00341nam a22001457a 4500
008 230613b ||||| |||| 00| 0 eng d
020 _a9781558102583
041 _aeng
080 _22010
_a610.73
082 _a610.73FOW
100 _a8
101 _aINF
245 _aGUIDE TO TH CODE OF ETHICS FOR NURSES
_cFOWLER.D.M
942 _2udc
_cBK
999 _c59951
_d59951